000 00854nab a2200253 u 4500
001 19500
003 HDC
007 cr bn ---aaaaa
008 210301c |r|noo 0 a d
040 _aHDC
100 _aChua, Bernadette,
_eauthor
_917934
245 0 _aCOSTA CRUISES FIRST TO BECOME HALAL CERTIFIED /
_cby Bernadette Chua
260 _a[No place] :
_b[publisher not identified],
_c2016
336 _atext
_2rdacontent
337 _acomputer
_2rdamedia
338 _aonline resource
_2rdacarrier
650 _aCruise
_917935
650 _aHalal certificate
_9482
710 _aCRUISE & TRAVEL ASIA
856 _zRequest full-text at [email protected]
942 _2lcc
942 _cNEWS
942 _kNWSO 009732
999 _c16816
_d16816